| 000 | 00481pam a2200157a 44500 | ||
|---|---|---|---|
| 008 | 230515b2006 xxu||||| |||| 00| 0 eng d | ||
| 020 | _aNULL | ||
| 041 | _aENGLISH | ||
| 082 | _a616.0756 | ||
| 100 | _aB DETRICK, R G HAMILTON, J D FOLDS | ||
| 245 | _aMANUAL OF MOLECULAR AND CLINICAL LABORATORY IMMUNOLOGY | ||
| 250 | _aVII | ||
| 260 |
_a _bASM AMERICAN SOCIETY FOR MICROBIOLOGY _c2006 |
||
| 300 | _aXVII-1340 | ||
| 650 | _aMANUAL OF MOLECULAR AND CLINICAL LABORATORY IMMUNOLOGY | ||
| 999 |
_c568445 _d568445 |
||